Van Halen or Def Leppard? - Statistics

General Stats
  • This quiz has been taken 444 times
  • The average score is 13 of 15
Answer Stats
Question Answer % Correct
Pour Some Sugar on Me Def Leppard
99%
Jump Van Halen
99%
Hot for Teacher Van Halen
98%
Hysteria Def Leppard
97%
Photograph Def Leppard
97%
Love Bites Def Leppard
97%
Animal Def Leppard
95%
Panama Van Halen
94%
Why Can't This Be Love Van Halen
93%
Let's Get Rocked Def Leppard
86%
Dreams Van Halen
85%
Mean Street Van Halen
84%
Right Now Van Halen
76%
On Fire Van Halen
73%
Kick Def Leppard
64%
No matching quizzes found
Score Distribution
Percent of People with Each Score
Percentile by Number Answered
Your Score History
You have not taken this quiz